[Event "AUTO-INT-3911"]
[Site "http://www.queenalice.com/game.php?id=1850761"]
[Date "2025.1.22"]
[Round "1"]
[White "thierry901"]
[Black "Carlos19"]
[Result "0-1"]
[WhiteElo "1511"]
[BlackElo "1577"]

1. e4 e5 2. Nf3 Nc6 3. Nc3 Nf6 4. Bc4 h6 5. d4 Bb4 6. d5 Bxc3+ 7. bxc3 Na5 8.
Bd3 O-O 9. Nxe5 d6 10. Nc4 Nxc4 11. Bxc4 Nxe4 12. Qg4 Bxg4 13. O-O Nxc3 0-1

[Event "AUTO-INT-3911"]
[Site "http://www.queenalice.com/game.php?id=1850776"]
[Date "2025.1.22"]
[Round "1"]
[White "thierry901"]
[Black "bdpq"]
[Result "0-1"]
[WhiteElo "1558"]
[BlackElo "1592"]

1. e4 d5 2. d3 dxe4 3. d4 Qd5 4. Nc3 Qd8 5. Nxe4 Bf5 6. Qd3 Nc6 7. Bf4 Qd5 8.
Bxc7 Bxe4 9. Qc3 Qe6 10. O-O-O Qxa2 11. Re1 Bd5 12. Bb5 e6 13. Re5 Be7 14. Ne2
Nf6 15. Re1 O-O 16. Nf4 Ne4 17. R1xe4 Bb4 18. Nxd5 Bxc3 19. Nxc3 Qa1+ 20. Nb1
Nb4 21. Re1 Na2+ 22. Kd2 Qxb2 23. Ba5 Qxd4+ 24. Bd3 b6 25. Bc3 Qf4+ 26. R1e3
Rac8 27. Rh5 f5 28. Be5 Qxf2+ 29. Re2 Qc5 30. Bxg7 Rfd8 31. Bf6 Qxc2+ 32. Ke3
Qxd3+ 33. Kf2 Rd6 34. Rg5+ Kf7 35. Rd2 Rc2 36. Rg3 Rxd2+ 37. Nxd2 Qxd2+ 38. Kf1
Qc2 39. Re3 Kxf6 40. Re2 Qb1+ 41. Kf2 Rd1 42. Kf3 Rf1+ 43. Rf2 Qd3+ 44. Kf4
Rxf2# 0-1

[Event "AUTO-INT-3911"]
[Site "http://www.queenalice.com/game.php?id=1850777"]
[Date "2025.1.22"]
[Round "1"]
[White "bdpq"]
[Black "thierry901"]
[Result "0-1"]
[WhiteElo "1549"]
[BlackElo "1518"]

1. e4 e5 2. d4 exd4 3. Qxd4 Nc6 4. Qc3 Bb4 5. Bb5 Bxc3+ 6. Nxc3 Nd4 7. Bc4 Nxc2+
8. Ke2 Nxa1 9. Be3 Nc2 10. Nf3 Nf6 11. Bg5 c6 12. Kd2 b5 13. Nxb5 Nxe4+ 14. Kxc2
Nxg5 15. Nbd4 O-O 16. Be2 Qe7 17. Bd3 Ne4 18. Nf5 Qc5+ 19. Kd1 Nxf2+ 0-1

[Event "AUTO-INT-3911"]
[Site "http://www.queenalice.com/game.php?id=1850778"]
[Date "2025.1.22"]
[Round "1"]
[White "thierry901"]
[Black "Castling"]
[Result "1-0"]
[WhiteElo "1543"]
[BlackElo "1642"]

1. e4 e5 2. Nf3 d6 3. Nc3 a6 4. d4 h6 5. d5 Bg4 6. Bd3 Nf6 7. O-O Nbd7 8. Qd2
Bxf3 9. gxf3 Nc5 10. Bc4 Qd7 11. b4 Na4 12. Nxa4 Qxa4 13. f4 Nxe4 14. Qd3 Nf6
15. b5 a5 16. b6 e4 17. Bb5+ Kd8 18. bxc7+ Ke7 19. Bxa4 exd3 20. Re1+ Ne4 21.
Rxe4+ Kf6 22. Bd7 Be7 23. Bb2+ Kg6 24. Rxe7 dxc2 25. f5+ Kh7 26. f6 Kg6 27. fxg7
Rhg8 28. c8=Q Raxc8 29. Bxc8 Rxc8 30. Rc7 Rg8 31. Rxc2 f6 32. Rc7 Rxg7 33. Rxg7+
Kxg7 34. Rc1 1-0

[Event "AUTO-INT-3911"]
[Site "http://www.queenalice.com/game.php?id=1850779"]
[Date "2025.1.22"]
[Round "1"]
[White "Castling"]
[Black "thierry901"]
[Result "0-1"]
[WhiteElo "1631"]
[BlackElo "1535"]

1. e4 e5 2. Bc4 Nc6 3. Nf3 Nf6 4. d3 d5 5. Bb5 Bc5 6. h3 dxe4 7. Bxc6+ bxc6 8.
Nxe5 Qd4 9. Nxc6 Qd5 10. d4 Bb7 11. dxc5 Bxc6 12. Be3 Qxd1+ 13. Kxd1 O-O-O+ 14.
Nd2 Nd5 15. Ke2 f5 16. g3 Nb4 17. c3 Nc2 18. Rac1 Nxe3 19. Kxe3 Rd3+ 20. Ke2 Bb5
21. c4 Ba6 22. b4 Rhd8 23. Rhd1 g5 24. a4 f4 25. b5 e3 26. fxe3 fxe3 27. bxa6
Rxd2+ 28. Rxd2 exd2 29. Rd1 Rd4 30. Rxd2 Rxc4 31. Rd5 Rxa4 32. Rxg5 Rxa6 33. Kd3
Ra4 34. Kc3 Kb7 35. Rh5 Ra3+ 36. Kd4 Rxg3 37. Rxh7 a5 38. Rh6 a4 39. c6+ Kb6 40.
Kd5 a3 41. Rh8 a2 42. Ra8 Rg2 43. h4 Kb5 44. h5 Kb4 45. h6 Rg5+ 46. Ke4 Ra5 47.
Rxa5 Kxa5 48. h7 a1=Q 49. h8=Q Qxh8 0-1

[Event "Challenge"]
[Site "http://www.queenalice.com/game.php?id=1852129"]
[Date "2025.2.14"]
[Round "-"]
[White "Leanne"]
[Black "thierry901"]
[Result "0-1"]
[WhiteElo "1285"]
[BlackElo "1555"]

1. Nf3 Nc6 2. e3 e5 3. Nc3 Nf6 4. Be2 d5 5. d4 Bd6 6. dxe5 Nxe5 7. O-O Nxf3+ 8.
Bxf3 O-O 9. e4 dxe4 10. Bxe4 Bg4 11. Qe1 Re8 12. Qe3 Qd7 13. g3 b6 14. Qd3 Bh3
15. Re1 Bc5 16. Be3 Bxe3 17. Qxe3 Ng4 18. Qf3 Ne5 19. Qf4 c6 20. Bf3 Nxf3+ 21.
Qxf3 Rxe1+ 22. Rxe1 Qd2 23. Qe2 Qd8 24. Qh5 Qd2 25. Rd1 g6 26. Qf3 Qg5 27. Qd3
b5 28. Ne4 Qe7 29. f4 Rd8 30. Qf3 Rxd1+ 0-1

[Event "Challenge"]
[Site "http://www.queenalice.com/game.php?id=1852130"]
[Date "2025.2.14"]
[Round "-"]
[White "thierry901"]
[Black "Leanne"]
[Result "0-1"]
[WhiteElo "1563"]
[BlackElo "1257"]

1. e4 e5 2. Nf3 f5 3. d3 Nc6 4. Nc3 d6 5. Be3 fxe4 6. Nxe4 Be7 7. c3 d5 8. Neg5
Nh6 9. Ne6 Bxe6 10. Ng5 Bxg5 11. Bxg5 Qxg5 12. Qe2 d4 13. cxd4 Nxd4 14. Qe4 Nc2+
15. Kd1 Nxa1 16. Qxb7 O-O 17. Qxc7 Rac8 0-1

[Event "Challenge"]
[Site "http://www.queenalice.com/game.php?id=1852570"]
[Date "2025.2.21"]
[Round "-"]
[White "Renie"]
[Black "thierry901"]
[Result "0-1"]
[WhiteElo "1482"]
[BlackElo "1560"]

1. c4 e6 2. Nc3 d6 3. Nf3 c6 4. d3 g6 5. d4 Nf6 6. e4 e5 7. Qb3 Be6 8. d5 cxd5
9. exd5 Bg4 10. Qxb7 Nbd7 11. Be2 Nc5 12. Qb5+ Qd7 13. Qxd7+ Nfxd7 14. Nb5 Bxf3
15. Nc7+ Kd8 16. Nxa8 Bxe2 17. Kxe2 Kc8 18. b4 Ne4 19. Be3 Kb7 20. c5 Kxa8 21.
c6 Nb6 22. f3 Nc3+ 23. Kd3 Nbxd5 24. Bd2 f5 25. Bxc3 e4+ 26. fxe4 fxe4+ 27. Kc4
Nxc3 28. c7 d5+ 29. Kxc3 Bg7+ 30. Kb3 Bxa1 31. Rxa1 Kb7 32. Rc1 Rc8 33. a4 Rxc7
34. Re1 Rf7 35. b5 Rf2 36. Rd1 e3 37. Rxd5 e2 38. Rd7+ Kb6 39. Rd6+ Kc7 40. Re6
Rxg2 41. a5 h5 42. Re7+ Kd6 43. Re3 Kc5 44. Re5+ Kd4 45. Re7 Rxh2 46. b6 Rh3+
47. Kb4 Re3 48. Rxe3 Kxe3 49. bxa7 e1=Q+ 50. Kb5 Qh1 51. Kb6 Qa8 0-1

[Event "Challenge"]
[Site "http://www.queenalice.com/game.php?id=1855066"]
[Date "2025.4.6"]
[Round "-"]
[White "thierry901"]
[Black "Carlos19"]
[Result "1-0"]
[WhiteElo "1593"]
[BlackElo "1651"]

1. e4 e5 2. Nf3 Nc6 3. d4 exd4 4. Bc4 h6 5. O-O Bc5 6. c3 dxc3 7. Qd5 Qe7 8.
Nxc3 Nf6 9. Qd2 d6 10. b3 Nxe4 11. Nxe4 Qxe4 12. Re1 Qxe1+ 13. Qxe1+ Ne7 14. Bb2
f6 15. Qe2 Kd7 16. Re1 Re8 17. Qe6+ Kc6 18. Qf7 Bd7 19. Qxg7 d5 20. Qxf6+ Bd6
21. Ne5+ Kc5 22. Nxd7+ Kc6 23. Bxd5+ Kxd5 24. Qc3 c5 25. Nf6+ Kc6 26. Nxe8 Rxe8
27. Re6 Nd5 28. Rxe8 Nxc3 29. Bxc3 b5 30. Be5 Bxe5 31. Rxe5 Kd6 32. Re4 Kd5 33.
f3 a5 34. a4 bxa4 35. Rxa4 c4 36. bxc4+ Kc5 37. f4 1-0

[Event "Challenge"]
[Site "http://www.queenalice.com/game.php?id=1855067"]
[Date "2025.4.6"]
[Round "-"]
[White "Carlos19"]
[Black "thierry901"]
[Result "0-1"]
[WhiteElo "1683"]
[BlackElo "1573"]

1. e4 c5 2. Bc4 Nc6 3. Qf3 Ne5 4. Qc3 d6 5. f4 Nxc4 6. Qxc4 Be6 7. Qd3 Nf6 8. f5
Bd7 9. a3 e6 10. Nf3 exf5 11. exf5 Qb6 12. Qe2+ Be7 13. Nh4 O-O 14. Qxe7 Rfe8
15. Qxe8+ Rxe8+ 16. Kf1 c4 17. c3 Ng4 18. d4 cxd3 19. b4 Qf2# 0-1

[Event "AUTO-ADV-4860"]
[Site "http://www.queenalice.com/game.php?id=1855773"]
[Date "2025.4.18"]
[Round "1"]
[White "Ditto"]
[Black "thierry901"]
[Result "1-0"]
[WhiteElo "1786"]
[BlackElo "1639"]

1. e4 c5 2. Bc4 d6 3. d3 Nc6 4. Nf3 Nf6 5. c3 Bg4 6. h3 Be6 7. Bb5 a6 8. Ba4 b5
9. Bc2 Qb6 10. O-O Ng4 11. Bg5 Nxf2 12. Rxf2 O-O-O 13. Be3 g6 14. Bg5 Bg7 15.
Qe2 c4 16. d4 f5 17. Be3 fxe4 18. Bxe4 d5 19. Bc2 Rhf8 20. Ng5 Rxf2 21. Bxf2 Bf5
22. Bxf5+ Kb7 23. Nd2 b4 24. Rb1 bxc3 25. bxc3 Nxd4 26. cxd4 Qxb1+ 27. Bxb1 Bf6
28. Ne6 Rd6 29. Nf4 e6 30. Bc2 Rb6 31. Nxe6 c3 32. Nc5+ Kc6 33. Qe6+ Kb5 34.
Ba4+ Ka5 35. Ndb3+ Kb4 36. Qxb6+ Ka3 37. Nc1 1-0

[Event "AUTO-ADV-4860"]
[Site "http://www.queenalice.com/game.php?id=1855774"]
[Date "2025.4.18"]
[Round "1"]
[White "thierry901"]
[Black "Ditto"]
[Result "0-1"]
[WhiteElo "1649"]
[BlackElo "1803"]

1. e4 e5 2. Nc3 Nc6 3. Nf3 Bc5 4. Bc4 d6 5. d3 a6 6. a3 Bg4 7. Bg5 Bxf3 8. Qxf3
f6 9. O-O Qe7 10. Nd5 Qd8 11. Qf5 fxg5 12. Qe6+ Nce7 13. Nxc7+ Qxc7 14. Qf7+ Kd8
15. Qxg7 Ng6 16. Qxc7+ Kxc7 17. c3 N8e7 18. d4 exd4 19. cxd4 Bb6 20. Rac1 Kd7
21. Rfe1 Bxd4 22. Rcd1 Be5 23. Bd5 Nxd5 24. exd5 Rhf8 25. g3 Bxb2 26. a4 Ne5 27.
Re3 g4 28. Kg2 Rac8 29. Rb3 Bc3 30. Rxb7+ Rc7 31. Rxc7+ Kxc7 32. Rc1 Rf3 33. h3
Rd3 34. hxg4 Nxg4 35. Rh1 h6 36. Kh3 Nxf2+ 0-1

[Event "AUTO-ADV-4860"]
[Site "http://www.queenalice.com/game.php?id=1855787"]
[Date "2025.4.18"]
[Round "1"]
[White "Magnaroc"]
[Black "thierry901"]
[Result "1-0"]
[WhiteElo "2054"]
[BlackElo "1629"]

1. e4 c5 2. Nf3 d6 3. Bb5+ Nc6 4. Bxc6+ bxc6 5. h3 e5 6. c3 Nf6 7. d3 Be6 8. Bg5
d5 9. Nxe5 Bd6 10. Nxc6 Qb6 11. exd5 Bxd5 12. Qe2+ Kd7 13. O-O Qxc6 14. f3 Rhe8
15. Qc2 h6 16. Bxf6 gxf6 17. Nd2 Re2 18. c4 Be6 19. Rae1 Rxe1 20. Rxe1 Bg3 21.
Re2 f5 22. Nf1 Bd6 23. Qc3 Rg8 24. Kf2 Qa4 25. b3 Qc6 26. d4 cxd4 27. Qxd4 Rg3
28. Nxg3 Ke7 29. Nxf5+ Kd7 30. Qxd6+ Qxd6 31. Nxd6 Kxd6 32. Rxe6+ fxe6 33. Ke3
Kc5 34. Ke4 a5 35. Ke5 Kb4 36. c5 Kxc5 37. Kxe6 Kb4 38. f4 Ka3 39. f5 Kxa2 40.
f6 Kxb3 41. f7 a4 42. f8=B h5 43. g4 a3 44. gxh5 a2 45. Bg7 Kc2 46. h6 Kb1 47.
h7 1-0

[Event "AUTO-ADV-4860"]
[Site "http://www.queenalice.com/game.php?id=1855788"]
[Date "2025.4.18"]
[Round "1"]
[White "thierry901"]
[Black "Magnaroc"]
[Result "0-1"]
[WhiteElo "1611"]
[BlackElo "1934"]

1. e4 e5 2. Nf3 Nc6 3. d4 exd4 4. Bc4 Be7 5. Nxd4 Ne5 6. O-O Nxc4 7. Nc3 c6 8.
b3 Ne5 9. Bf4 Ng6 10. Qg4 d5 11. Qf3 Nxf4 12. Qxf4 Bf6 13. e5 Bg5 14. Qf3 Nh6
15. e6 O-O 16. exf7+ Rxf7 17. Qe2 Bg4 18. Qe5 Bf6 19. Qg3 Bxd4 20. Qxg4 Nxg4 0-1

[Event "AUTO-ADV-4860"]
[Site "http://www.queenalice.com/game.php?id=1855797"]
[Date "2025.4.18"]
[Round "1"]
[White "thierry901"]
[Black "profeta"]
[Result "0-1"]
[WhiteElo "1608"]
[BlackElo "1676"]

1. e4 e5 2. Nf3 Nc6 3. d4 exd4 4. Bc4 Nf6 5. O-O Nxe4 6. Re1 f5 7. Bd5 Bc5 8.
Bf4 Ne7 9. Nxd4 Nxd5 10. Nxf5 Nxf4 11. Rxe4+ Ne6 12. Nxg7+ Ke7 13. Nxe6 dxe6 14.
Nc3 Qxd1+ 15. Rxd1 Rf8 16. Nd5+ Kf7 17. Rf4+ Kg8 18. Rxf8+ Kxf8 19. Nxc7 Rb8 20.
Re1 b6 21. Nxe6+ Bxe6 22. Rxe6 Rd8 23. Re1 Rd2 24. Rf1 Rxc2 25. g3 Rxb2 26. a4
Ra2 27. Kg2 Rxa4 28. Kh3 h5 29. f4 Kf7 30. Kh4 Kg6 31. h3 Be7# 0-1

[Event "AUTO-ADV-4860"]
[Site "http://www.queenalice.com/game.php?id=1855798"]
[Date "2025.4.18"]
[Round "1"]
[White "profeta"]
[Black "thierry901"]
[Result "0-1"]
[WhiteElo "1632"]
[BlackElo "1612"]

1. e4 c5 2. d4 cxd4 3. Qxd4 Nc6 4. Qd1 e5 5. Nf3 Nf6 6. Nc3 Bb4 7. a3 Bxc3+ 8.
bxc3 Nxe4 9. Be3 Nxc3 10. Qd3 e4 11. Qxc3 exf3 12. Qxg7 Qa5+ 13. Bd2 Qe5+ 14.
Qxe5+ Nxe5 15. Bc3 fxg2 16. Bxg2 Rg8 17. Bh3 d6 18. Bxc8 Rxc8 19. Bxe5 dxe5 20.
Rd1 Rxc2 21. Rf1 Rg4 22. Rd2 Rc1+ 23. Rd1 Re4+ 24. Kd2 Rxd1+ 25. Kxd1 Ra4 26.
Ke2 Rxa3 27. Rc1 b5 28. Rc8+ Kd7 29. Rh8 Rh3 30. Ra8 Ra3 31. Rg8 Ke7 32. h4 Rh3
33. Ra8 Rxh4 34. Rxa7+ Kf6 35. f3 b4 36. Ra6+ Kf5 37. Ke3 Rh2 38. Rb6 Rb2 39.
Rb7 Kg6 40. Rb6+ f6 41. f4 Rb3+ 42. Ke4 h5 43. Rb8 Kg7 44. fxe5 fxe5 45. Kxe5 h4
46. Rd8 Re3+ 47. Kd4 Rg3 48. Rd7+ Kf6 49. Ke4 h3 50. Rd6+ Ke7 51. Rb6 b3 52. Kf4
h2 53. Kxg3 h1=Q 54. Rxb3 Qg1+ 55. Kf4 Qf2+ 56. Ke4 Qc2+ 57. Kd4 Qxb3 58. Ke4
Qc4+ 59. Kf5 Qd4 60. Kg5 Qe4 61. Kh6 Kf7 62. Kh5 Kf6 63. Kh6 Qh1# 0-1

[Event "AUTO-INT-3911"]
[Site "http://www.queenalice.com/game.php?id=1856548"]
[Date "2025.5.1"]
[Round "2"]
[White "thierry901"]
[Black "Carlos19"]
[Result "1-0"]
[WhiteElo "1585"]
[BlackElo "1547"]

1. e4 e5 2. Nf3 Nc6 3. Bc4 h6 4. Nc3 Bc5 5. Bd5 Nce7 6. Nxe5 Nxd5 7. Nxd5 c6 8.
Qf3 f6 9. Ng6 Rh7 10. d3 cxd5 11. exd5 Qa5+ 12. Bd2 Qb6 13. O-O Qxb2 14. Qe4+
Kd8 15. Be3 Bxe3 16. fxe3 Kc7 17. Qf4+ Kb6 18. Rab1 Qxb1 19. Rxb1+ Kc5 20. Qc4+
Kd6 21. Rb5 b6 22. Qf4# 1-0

[Event "AUTO-INT-3911"]
[Site "http://www.queenalice.com/game.php?id=1856549"]
[Date "2025.5.1"]
[Round "2"]
[White "Carlos19"]
[Black "thierry901"]
[Result "0-1"]
[WhiteElo "1530"]
[BlackElo "1599"]

1. e4 c5 2. Bc4 d6 3. Nf3 Bd7 4. Ng5 Nh6 5. Qf3 f6 6. Ne6 Bxe6 7. Bxe6 Nc6 8.
Bd5 Nd4 9. Qc3 Qd7 10. b4 Qb5 11. Bc4 Qxb4 12. d3 Qxc3+ 13. Nxc3 Nxc2+ 14. Kd2
Nxa1 15. Ba3 g5 16. Rxa1 Bg7 17. Rb1 b6 18. Nb5 Kd7 19. h3 a6 20. Nc3 e6 21.
Rxb6 Rhb8 22. Rxa6 f5 23. exf5 Nxf5 24. Rxa8 Rxa8 25. Nb5 Nd4 26. Bc1 Nxb5 27.
Bxb5+ Kc7 28. a3 Bd4 29. f3 d5 30. g4 Kb6 31. Bd7 e5 32. Be6 Rd8 33. Kc2 c4 34.
dxc4 e4 35. fxe4 dxe4 36. Bxg5 e3 37. Kd1 Bf6+ 38. Ke2 Bxg5 39. Bf5 Rd2+ 40. Ke1
Bh4+ 41. Kf1 e2+ 0-1

[Event "AUTO-INT-3911"]
[Site "http://www.queenalice.com/game.php?id=1856550"]
[Date "2025.5.1"]
[Round "2"]
[White "thierry901"]
[Black "caradepau"]
[Result "1-0"]
[WhiteElo "1635"]
[BlackElo "1595"]

1. e4 e5 2. Nc3 a6 3. Nf3 Nc6 4. Bc4 Bc5 5. d3 h6 6. Bd5 Qe7 7. Qe2 Qd6 8. Be3
Bxe3 9. Qxe3 Nb4 10. O-O-O Nf6 11. d4 exd4 12. Qxd4 Qf4+ 13. Nd2 Nc6 14. Qe3
Qxe3 15. fxe3 Nxd5 16. exd5 Ne7 17. Nb3 d6 18. e4 O-O 19. Nd4 b5 20. Rhf1 Bg4
21. Rd3 Rac8 22. Nc6 Nxc6 23. dxc6 Rb8 24. Nd5 Be2 25. Rff3 Bxd3 26. Rxd3 Rfe8
27. Rd4 a5 28. Nxc7 Red8 29. Rd5 g5 30. Nxb5 Re8 31. Nxd6 Rbc8 32. Nxc8 Rxc8 33.
Rd6 Kg7 34. a3 f6 35. b4 axb4 36. axb4 Kf7 37. Rd7+ Ke8 38. b5 Rd8 39. Rxd8+
Kxd8 40. c4 Kc7 41. Kc2 h5 42. Kc3 Kd6 43. Kd4 h4 44. c5+ Kc7 45. Kd5 g4 46. h3
1-0

[Event "AUTO-INT-3911"]
[Site "http://www.queenalice.com/game.php?id=1856551"]
[Date "2025.5.1"]
[Round "2"]
[White "caradepau"]
[Black "thierry901"]
[Result "0-1"]
[WhiteElo "1639"]
[BlackElo "1566"]

1. e4 c5 2. Bc4 Nc6 3. a3 e6 4. d3 Nf6 5. Bb5 Bd6 6. Bxc6 bxc6 7. h3 O-O 8. Qe2
c4 9. Nf3 cxd3 10. Qxd3 Qb6 11. Qxd6 Nxe4 12. Be3 Qxe3+ 13. Kd1 Nxf2# 0-1

[Event "Challenge"]
[Site "http://www.queenalice.com/game.php?id=1857747"]
[Date "2025.5.24"]
[Round "-"]
[White "Renie"]
[Black "thierry901"]
[Result "0-1"]
[WhiteElo "1428"]
[BlackElo "1627"]

1. c4 d5 2. cxd5 Qxd5 3. Nc3 Qf5 4. e4 Qg6 5. e5 Nc6 6. Nf3 Bf5 7. Nd5 O-O-O 8.
Ne3 Be4 9. d3 Bxf3 10. Qxf3 Nxe5 11. Qe2 Nxd3+ 12. Kd2 Nf4+ 13. Ke1 Nxe2 14.
Kxe2 e5 15. g3 e4 16. Bg2 Qa6+ 17. Ke1 Bb4+ 18. Bd2 Bxd2+ 19. Kd1 Bxe3+ 20. Kc2
Qe2+ 0-1